Statistics for How much Spongebob Squarepants characters can you name?

Click here to take the quiz!

General Stats

  • This quiz has been taken 114 times
  • The average score is 9 of 10

Answer Stats

DescriptionCharacter% Correct
Bubbly personality, cook at a rundown fast food joint.Spongebob
100%
Lazy, unemployed and best friend of previous.Patrick
98%
Intellectual Texan.Sandy
98%
Villainous, rival of the Krusty Krab.Plankton
98%
Pessimistic, heartless neighbor.Squidward
97%
Greedy, ex-sailer restaurant owner.Mr. Krabs
95%
Spoiled brat daughter of No.4.Pearl
95%
Driving Instructor.Mrs. Puff
92%
Elder superhero of Bikini Bottom.Mermaid Man
90%
Sidekick of previous.Barnacle Boy
87%

Score Distribution

Percentile by Number Answered

Percent of People with Each Score

Your Score History

You have not taken this quiz